Engineering aspects of thermal food processing

Saved in:
Bibliografiske detaljer
Hovedforfatter: Simpson, Ricardo (Author)
Format: Bog
Sprog:engelsk
Udgivet: Boca Ratón CRC Press 2009
Fag:
Tags: Tilføj Tag
Ingen Tags, Vær først til at tagge denne postø!

MARC

LEADER 00000cam a2200000 a 4500
001 UCG2774
003 CL-VaPUC
008 100723e20090000us |||||||||||||||||eng|d
020 |a 9781420058581 
082 0 4 |a 664.028  |b SIM  |2 21 
100 0 |a Simpson, Ricardo  |e author  |9 551387 
245 1 0 |a Engineering aspects of thermal food processing 
300 |a 500 p 
942 |c BK 
945 |d 20100723 00:00:00  |a mfarfan 
260 |a Boca Ratón  |b CRC Press  |c 2009 
650 0 |a Alimentos  |9 256203 
650 7 |a INDUSTRIA DE ALIMENTOS  |2 CL-VaPUC  |9 521578 
650 7 |a TECNOLOGIA DE ALIMENTOS  |2 CL-VaPUC  |9 551388 
583 |a last modification  |c 20160921 09:56:24  |k Rodrigo Vera 
999 |c 341900  |d 341898 
952 |0 0  |1 0  |4 0  |6 664_028000000000000_SIM_2009  |7 0  |8 A  |9 437711  |a BIBING  |b BIBING  |d 2019-11-22  |i 4698916  |o 664.028 SIM 2009  |p 4698916  |r 2025-01-20  |w 2019-11-22  |y BK  |k EIB